000 00931nam a2200241 i 4500
001 bg
245 0 _aProces "Środowisko dla Europy" :
_bdeklaracje Konferencji Ministrów z Dobřiš, Lucerny i Sofii /
_cpod red. Stanisława Wajdy i Andrzeja Żurka ; Instytut Ochrony Środowiska.
246 _aŚrodowisko dla Europy
260 _aWarszawa :
_bAgencja Informacyjna GEA,
_c[1996?].
300 _a40, [1] s. ;
_c24 cm.
490 1 _aKonwencje Międzynarodowe i Uchwały Organizacji Międzynarodowych ;
_vz. 16
650 9 _aŚrodowisko człowieka
_xochrona
_xprawo
_zEuropa
700 1 _aWAJDA, Stanisław.
_eRed.
700 1 _aŻUREK, Janusz.
_eRed.
830 _aKonwencje Międzynarodowe i Uchwały Organizacji Międzynarodowych ;
020 _a8386467304
040 _cBPK
041 1 _apl
_henfrru
080 _a349.6:504.06](4)
920 _a83-86467-30-4
942 _cKS
008 s pl f |000 0 pol
999 _c32273
_d32273
856 _uhttp://koha.tu.koszalin.pl/cgi-bin/koha/opac-detail.pl?biblionumber=32273
_yKatalog online BPK